000 006570000a22002050004500
003 LK-CoMWRAF
005 20231115131645.0
008 230817t1991 ||||| |||| 00| 0 eng d
020 _a9679928284
040 _aLK-CoMWRAF
_dLK-CoMWRAF
_eLK-CoMWRAF
041 _aeng
082 _a016.3054
_bWOM
245 _aWomen in the economy :
_ba select annotated bibliography of Asia and Pacific
260 _aKuala Lumpur:
_bAsian and Pacific Development Centre,
_c1991
300 _ax, 156 p. ; 25 cm.
650 _aWomen -- Asia -- Bibliography
650 _aWomen -- Pacific area -- Bibliography
700 _aNayak-Mukherjee, Vanita
_ecomp.
942 _cREF
999 _c1709
_d1709